<?xml version="1.0" encoding="UTF-8"?><?xml-stylesheet type="text/xsl" href="static/style.xsl"?><OAI-PMH xmlns="http://www.openarchives.org/OAI/2.0/" xmlns:xsi="http://www.w3.org/2001/XMLSchema-instance" xsi:schemaLocation="http://www.openarchives.org/OAI/2.0/ http://www.openarchives.org/OAI/2.0/OAI-PMH.xsd"><responseDate>2026-04-17T03:11:03Z</responseDate><request verb="GetRecord" identifier="oai:www.recercat.cat:2445/114924" metadataPrefix="marc">https://recercat.cat/oai/request</request><GetRecord><record><header><identifier>oai:recercat.cat:2445/114924</identifier><datestamp>2025-11-19T10:58:51Z</datestamp><setSpec>com_2072_1057</setSpec><setSpec>col_2072_478917</setSpec><setSpec>col_2072_478922</setSpec></header><metadata><record xmlns="http://www.loc.gov/MARC21/slim" xmlns:dcterms="http://purl.org/dc/terms/" xmlns:xsi="http://www.w3.org/2001/XMLSchema-instance" xmlns:doc="http://www.lyncode.com/xoai" xsi:schemaLocation="http://www.loc.gov/MARC21/slim http://www.loc.gov/standards/marcxml/schema/MARC21slim.xsd">
   <leader>00925njm 22002777a 4500</leader>
   <datafield ind2=" " ind1=" " tag="042">
      <subfield code="a">dc</subfield>
   </datafield>
   <datafield ind2=" " ind1=" " tag="720">
      <subfield code="a">Artigas, Josep, 1948-</subfield>
      <subfield code="e">author</subfield>
   </datafield>
   <datafield ind2=" " ind1=" " tag="720">
      <subfield code="a">Paula Pérez, Isabel, 1970-</subfield>
      <subfield code="e">author</subfield>
   </datafield>
   <datafield ind2=" " ind1=" " tag="260">
      <subfield code="c">2017-09-04T11:29:05Z</subfield>
   </datafield>
   <datafield ind2=" " ind1=" " tag="260">
      <subfield code="c">2017-09-04T11:29:05Z</subfield>
   </datafield>
   <datafield ind2=" " ind1=" " tag="260">
      <subfield code="c">2016-03-01</subfield>
   </datafield>
   <datafield ind2=" " ind1=" " tag="260">
      <subfield code="c">2017-09-04T11:29:05Z</subfield>
   </datafield>
   <datafield ind2=" " ind1=" " tag="520">
      <subfield code="a">Introducción. La investigación sobre el autismo, basada principalmente en el modelo categórico del Manual diagnóstico y estadístico de los trastornos mentales, se ha centrado de forma preferente en la epidemiología, las manifestaciones clínicas, los mecanismos cognitivos y los determinantes biológicos y ambientales; sin embargo, se ha prestado escaso interés a las trayectorias evolutivas, las cuales son decisivas de cara al pronóstico a medio y largo plazo. Objetivo. Revisar el curso evolutivo de niños diagnosticados de autismo que, aun conservando a medio o largo plazo rasgos conductuales acordes con el perfil inicial, alcanzan una adaptación social y laboral satisfactorias, y además dejan de cumplir los criterios que dieron lugar al diagnóstico inicial. Desarrollo. Se ha revisado la bibliografía sobre el autismo centrada en el análisis de la evolución de las manifestaciones clínicas y de su repercusión desde las primeras edades hasta la edad adulta. Asimismo, se han tomado en consideración aspectos conceptuales sobre el autismo que facilitan la comprensión y el significado de los patrones evolutivos. Conclusiones. Alrededor del 20% de los niños diagnosticados dejan de cumplir los criterios en los que se basó el diagnóstico y, además, alcanzan un ajuste social y laboral satisfactorio. Como factores favorecedores se identifica: inteligencia normal, buen nivel de lenguaje y baja incidencia de 'comorbilidades'; por el contrario, en las series notificadas no se señalan como factores determinantes las intervenciones terapéuticas precoces e intensivas. Por último, se menciona el concepto de neurodiversidad, donde la recuperación se centra en el desarrollo óptimo de las capacidades de cada individuo en un entorno facilitador.</subfield>
   </datafield>
   <datafield tag="653" ind2=" " ind1=" ">
      <subfield code="a">Autisme</subfield>
   </datafield>
   <datafield tag="653" ind2=" " ind1=" ">
      <subfield code="a">Síndrome d'Asperger</subfield>
   </datafield>
   <datafield tag="653" ind2=" " ind1=" ">
      <subfield code="a">Rehabilitació</subfield>
   </datafield>
   <datafield tag="653" ind2=" " ind1=" ">
      <subfield code="a">Autism</subfield>
   </datafield>
   <datafield tag="653" ind2=" " ind1=" ">
      <subfield code="a">Asperger's syndrome</subfield>
   </datafield>
   <datafield tag="653" ind2=" " ind1=" ">
      <subfield code="a">Rehabilitation</subfield>
   </datafield>
   <datafield ind2="0" ind1="0" tag="245">
      <subfield code="a">Autismos que se 'curan'</subfield>
   </datafield>
</record></metadata></record></GetRecord></OAI-PMH>